=LDR 00000nam 2200000 4500 =001 INLIS000000000000278 =005 20150305140225.0 =006 =007 =008 Ind =035 ##$$0010-061300000000278 =041 ##$$a Ind =082 ##$$a 636.6 =090 ##$$a 636.6 Ali m =100 ##$$a Alibasya, Sentot =245 ##$$a Memelihara cendet / Sentot Alibasya =260 ##$$a Surabaya $b Trubus Agrisarana $c 1998 =300 ##$$a viii, 42 hlm. : ilus. ; 21 cm =650 ##$$a Cendet =850 ##$$a NBPNMAT